Art and Poetry
שמור ב:
| מחבר ראשי: | |
|---|---|
| פורמט: | ספר |
| שפה: | אנגלית |
| יצא לאור: |
Nueva York
Philosophical Library
1943
|
| מהדורה: | 1a. ed |
| נושאים: | |
| תגים: |
הוספת תג
אין תגיות, היה/י הראשונ/ה לתייג את הרשומה!
|
MARC
| LEADER | 00000cam a2200000 a 4500 | ||
|---|---|---|---|
| 001 | UCE0724 | ||
| 003 | CL-VaPUC | ||
| 008 | 140227e19430000us |||||||||||||||||eng|d | ||
| 082 | 0 | 4 | |a 809.1 |b MAR |2 21 |
| 100 | |a Maritain, Jacques |e autor |9 255680 | ||
| 245 | 1 | 0 | |a Art and Poetry |
| 250 | |a 1a. ed | ||
| 300 | |a 104 p | ||
| 942 | |c BK | ||
| 945 | |d 20140227 11:27:00 |a dcastane | ||
| 260 | |a Nueva York |b Philosophical Library |c 1943 | ||
| 650 | 0 | |a Filosofía del arte |9 264951 | |
| 650 | 0 | |a Poesía |9 265825 | |
| 650 | 0 | |a Crítica de arte |9 334590 | |
| 650 | 0 | |a Pintores |9 265963 | |
| 583 | |a last modification |c 20140227 11:27:00 |k Rodrigo Vera | ||
| 999 | |c 354772 |d 354770 | ||
| 952 | |0 0 |1 0 |3 erd |4 0 |6 809_100000000000000_MAR_1943 |7 0 |8 A |9 460929 |a BIBART |b BIBART |i 5003628 |o 809.1 MAR 1943 |p 5003628 |r 2025-03-13 |w 2019-11-23 |y BK |z Catalogado en:20140227 |k ART | ||